LEADER 01380nam a2200289 i 4500 001 000000072223 003 CaOOAMICUS 005 20090224000000.0 008 090224s1961 it u000 u ita u 013 $a43395 040 $aSeMil$bita 100 1 $aLonergan, Bernard J. F.,$c.$0(OLS)http://semarc/name/2591 240 10$aInsight; a study of human understanding.$0(OLS)http://semarc/title/402752 245 12$aL'intelligenza :$bstudio sulla comprensione dell'esperienza /$cBernard J.F. Lonergan ; [versione dalla 2. ed. inglese di Carla Miggiano Di Scipio]. 246 08$iTitolo sul dorso:$aLa intelligenza 260 $aAlba :$bPaoline,$cstampa 1961. 300 $a826 p. ;$c22 cm. 490 0 $aMultiformis sapientia ;$v6 650 4$aMetafisica.$0(OLS)http://semarc/subject/188 650 4$aTeoria della conoscenza.$0(OLS)http://semarc/subject/2215 700 1 $aMiggiano Di Scipio, Carla.$0(OLS)http://semarc/name/11211 830 0$aMultiformis sapientia ;$v6.$0(OLS)http://semarc/title/6406 850 $aSeMil 852 $aSeMil$W1$xVenegono$y1$m2P V 451$j38376$B38376$CSeMilBibl$Z2$F38379 $81 996 $6245$aL'intelligenza :$bstudio sulla comprensione dell'esperienza$9(OLS)http://semarc/title/116375 996 $6246$aLa intelligenza$9(OLS)http://semarc/title/116376 996 $6260$aAlba :$bPaoline$9(OLS)http://semarc/publisher/29692 LEADER 00757nam a2200193 i 4500 001 000000158692 003 CaOOAMICUS 005 20110406000000.0 008 110406n it u000 u ita u 013 $a136055 040 $aSeMil$bita 245 10$aAd Oropa :$bcommemorando il trentennio d'ordinazione sacerdotale : 21-26 settembre 1920. 260 $a[S.l. :$bs.n.,$c1921?] 300 $a13 p. ;$c25 cm. 773 0 $t[Miscellanea.$w()24688 850 $aSeMil 852 $aSeMil$W1$xVenegono$y1$m5A II 9/4 FA$j248104$B110297$CSeMilBibl$Z2$F119961 $8I 996 $6245$aAd Oropa :$bcommemorando il trentennio d'ordinazione sacerdotale : 21-26 settembre 1920$9(OLS)http://semarc/title/140273 996 $6260$a[S.l. :$bs.n.$9(OLS)http://semarc/publisher/31686